00501nam a2200193Ia 4500003000400000005001700004008004100021020002200062040000700084041000800091082001500099100002000114245007100134260004000205300001500245365001300260650001600273650001800289OSt20230509105257.0210423s2012 xx 000 0 und d a978-81-7371-743-7 cAL aeng a512.7 KRIE aKRISHNAN (V K). aElementary number theory: a collection of problems with solutions. aNew DelhibUniversities Pressc2012 avi,253bPB b295cINR aMathematics aNumber Theory